Economic reforms & Indian banking sector/ (Record no. 163241)

MARC details
000 -LEADER
fixed length control field 00688nam a22002177a 4500
005 - DATE AND TIME OF LATEST TRANSACTION
control field 20190410114827.0
010 ## - LCCN (DPL NO)
LC control number ENG-124978
020 ## - INTERNATIONAL STANDARD BOOK NUMBER
International Standard Book Number 9789383316267
Terms of availability 945.00
035 ## - SYSTEM CONTROL NUMBER
System control number EN-108510
037 ## - SOURCE OF ACQUISITION
Stock number dpl
037 ## - SOURCE OF ACQUISITION
Source of stock number/acquisition DBAD/PUB.
082 ## - DEWEY DECIMAL CLASSIFICATION NUMBER
Classification number 332.1
245 ## - TITLE STATEMENT
Title Economic reforms & Indian banking sector/
Statement of responsibility, etc ed. by N.N. Sharma; Akhil Gautam [and] Sahil Mahajan
260 ## - PUBLICATION, DISTRIBUTION, ETC. (IMPRINT)
Place of publication, distribution, etc Delhi
Name of publisher, distributor, etc Gaurav Book Centre (Pvt.) Ltd.
Date of publication, distribution, etc 2015
270 ## - ADDRESS
Address 4832/24, Prahlad Lane, S-207 Ansari Road, Daryaganj,
City Delhi
Postal code 110002
300 v# - PHYSICAL DESCRIPTION
Extent 249p.
Dimensions 22cm(Hbk)
Other physical details ill.
700 ## - ADDED ENTRY--PERSONAL NAME
Personal name Sharma, N.N.
700 ## - ADDED ENTRY--PERSONAL NAME
Personal name Gautam, Akhil
700 ## - ADDED ENTRY--PERSONAL NAME
Personal name Mahajan, Sahil
942 ## - ADDED ENTRY ELEMENTS (KOHA)
Source of classification or shelving scheme Dewey Decimal Classification
Item type English Books
Call number suffix ECO
Classification part 332.1
Holdings
Withdrawn status Lost status Not for loan Collection code Home library Current library Date acquired Source of acquisition Cost, normal purchase price Full call number Barcode Copy number Cost, replacement price Koha item type
    Not For Loan Non-fiction D.B.Act.Division Central Library 10/04/2019 DBAD/PUB 945.00 332.1 ECO EN-108510 1 945.00 English Books

© Delhi Public Library
Hit Counter
free hit counter